Torturado por Cristo : la Iglesia Mártir de hoy / [por] Richard Wurmbrand ; tr. y adaptado por Carlos A. Morris
保存先:
| 第一著者: | |
|---|---|
| フォーマット: | 図書 |
| 主題: | |
| タグ: |
タグなし, このレコードへの初めてのタグを付けませんか!
|
MARC
| LEADER | 00000nam^a2200000^u^4500 | ||
|---|---|---|---|
| 001 | 000544505 | ||
| 005 | 20250521000000.0 | ||
| 008 | 060220s1000^^^^^^^^^^^^r^^^^^000^0^spa^d | ||
| 009 | 20260310131328.998 | ||
| 035 | |a FMI 000013696 | ||
| 037 | |a Acervo Xavier Clavigero | ||
| 096 | |a 3.1/7/A | ||
| 100 | |a Wurmbrand, Richard |e (autor) | ||
| 245 | 1 | 0 | |a Torturado por Cristo : la Iglesia Mártir de hoy / [por] Richard Wurmbrand ; tr. y adaptado por Carlos A. Morris |
| 264 | |a Glendale, CA : Privada, 1964 | ||
| 300 | |a 127 p. | ||
| 336 | |a texto |b txt |2 rdacontenido | ||
| 337 | |a sin mediación |b n |2 rdamedio | ||
| 338 | |a volumen |b nc |2 rdasoporte | ||
| 597 | |a En la portada : Una relación de los sufrimientos y testimonio de la Iglesia Subterránea en los países tras la cortina de hierro. | ||
| 649 | |a XX | ||
| 650 | |a HISTORIA DE LA IGLESIA | ||
| 910 | |a Fondo Francisco Migoya Covarrubias S.J. | ||
| 920 | |a Impresos - Libros | ||
| 930 | |a Fondos Especiales | ||
| 905 | |a 134 | ||
| 901 | |a SBC14062 |b IT2 |c ESP |u 20250521 | ||
| 902 | |a https://opac.biblio.iteso.mx/vufind/Record/000544505 | ||